Sports Quiz

Random Sports or NHL Quiz

Big 4 Logos Collage Quiz Stats

Quiz Updated Feb 12, 2017

Also try: Mixed Big 4 Logos
Challenge
Share
Tweet
Score 0/40 Timer 05:00
1 Play Today
% Correct
Utah Jazz
97.9%
Cincinnati Reds
96.4%
Carolina Panthers
95.9%
Philadelphia Eagles
95.4%
New York Knicks
95.3%
New Orleans Saints
94.6%
Oakland Raiders
94.4%
Boston Celtics
93.9%
New York Mets
93.8%
Washington Redskins
93.4%
San Jose Sharks
92.8%
Houston Texans
91.4%
Denver Nuggets
89.9%
Cincinnati Bengals
89.5%
New Orleans Pelicans
88.4%
Tampa Bay Buccaneers
88.3%
Washington Capitals
88%
Tampa Bay Rays
88%
Brooklyn Nets
87.6%
Milwaukee Bucks
86.8%
% Correct
Seattle Mariners
86.2%
Atlanta Braves
86.1%
Phoenix Suns
86.1%
Washington Nationals
84.6%
Houston Rockets
84.3%
Boston Bruins
83.2%
Arizona Diamondbacks
82.2%
Los Angeles Chargers
80.1%
Houston Astros
79.9%
Buffalo Bills
79.2%
Kansas City Royals
79.2%
San Diego Padres
77.9%
Sacramento Kings
77.8%
Carolina Hurricanes
76.2%
Minnesota Wild
75.6%
Tampa Bay Lightning
75.4%
Ottawa Senators
73.6%
Montreal Canadiens
73%
Columbus Blue Jackets
58.4%
New York Islanders
55.3%

You're not logged in!

Compare scores with friends on all Sporcle quizzes.
Join for Free
OR
Log In

You Might Also Like...

Show Comments

Extras

Top Quizzes Today


Score Distribution

Your Account Isn't Verified!

In order to create a playlist on Sporcle, you need to verify the email address you used during registration. Go to your Sporcle Settings to finish the process.

Report this User

Report this user for behavior that violates our Community Guidelines.

Details: